LEADER 01195nam a2200313 i 4500 001 991001037829707536 005 20020502182738.0 008 990512s1989 it ||| | ita 020 $a8820430525 035 $ab11454799-39ule_inst 035 $aPRUMB53900$9ExL 040 $aDip. SSSC$bita 082 0 $a331.2592 100 1 $aBellotto, Massimo$0155380 245 10$aCulture organizzative e formazione /$cMassimo Bellotto, Giancarlo Trentini ; con contributi di M. Bruscaglioni, U. Margiotta, A. Salatin 260 $aMilano :$bF. Angeli,$cc1989 300 $a137 p. ;$c22 cm. 490 0 $aCollana di psicologia sociale ;$v6 650 4$aFormazione professionale 700 1 $aTrentini, Giancarlo$eauthor$4http://id.loc.gov/vocabulary/relators/aut$0526682 700 1 $aBruscaglioni, Massimo 700 1 $aMargiotta, Umberto 700 1 $aSalatin, Arduino 907 $a.b11454799$b01-03-17$c01-07-02 912 $a991001037829707536 945 $aLE021 DI8D28$g1$i2021000034329$lle021$o-$pE0.00$q-$rl$s- $t0$u7$v1$w7$x0$y.i11641642$z01-07-02 996 $aCulture organizzative e formazione$9876068 997 $aUNISALENTO 998 $ale021$b01-01-99$cm$da $e-$fita$git $h0$i1 LEADER 01293nam0 2200301 i 450 001 VAN0064367 005 20221207115118.331 010 $a978-08-218-3900-3 100 $a20080512d2007 |0itac50 ba 101 $aeng 102 $aUS 105 $a|||| ||||| 200 1 $aContinuous symmetry$efrom Euclid to Klein$fWilliam Barker, Roger Howe 210 $aProvidence$cAmerican Mathematical Society$d2007 215 $aXXI, 546 p.$d26 cm 606 $a20-XX$xGroup theory and generalizations [MSC 2020]$3VANC019715$2MF 606 $a51-XX$xGeometry [MSC 2020]$3VANC019810$2MF 620 $aUS$dProvidence$3VANL000273 700 1$aBarker$bWilliam$3VANV051190$0350660 701 1$aHowe$bRoger$3VANV051191$058930 712 $aAmerican mathematical society$3VANV108732$4650 801 $aIT$bSOL$c20230616$gRICA 856 4 $u/sebina/repository/catalogazione/documenti/Barker, Howe - Continuous symmetry.pdf$zBarker, Howe - Continuous symmetry.pdf 899 $aBIBLIOTECA DEL DIPARTIMENTO DI MATEMATICA E FISICA$1IT-CE0120$2VAN08 912 $aVAN0064367 950 $aBIBLIOTECA DEL DIPARTIMENTO DI MATEMATICA E FISICA$d08PREST 51-XX 0256 $e08 8089 I 20080512 996 $aContinuous symmetry$91416280 997 $aUNICAMPANIA LEADER 02126nam 2200589Ia 450 001 9910783137503321 005 20230617032941.0 010 $a0-309-16583-0 010 $a1-280-17595-8 010 $a9786610175956 010 $a0-309-54451-3 035 $a(CKB)1000000000017865 035 $a(EBL)3377810 035 $a(SSID)ssj0000283921 035 $a(PQKBManifestationID)11236696 035 $a(PQKBTitleCode)TC0000283921 035 $a(PQKBWorkID)10250609 035 $a(PQKB)11399278 035 $a(MiAaPQ)EBC3377810 035 $a(Au-PeEL)EBL3377810 035 $a(CaPaEBR)ebr10072138 035 $a(CaONFJC)MIL17595 035 $a(OCoLC)923273265 035 $a(EXLCZ)991000000000017865 100 $a20041006d2005 uy 0 101 0 $aeng 135 $aurcn||||||||| 181 $ctxt 182 $cc 183 $acr 200 10$aScaling up treatment for the global AIDS pandemic$b[electronic resource] $echallenges and opportunities /$fCommittee on Examining the Probable Consequences of Alternative Patterns of Widespread Antiretroviral Drug Use in Resource-Constrained Settings, Board on Global Health ; James Curran ... [et al.], editors 210 $aWashington, DC $cNational Academies Press$dc2005 215 $a1 online resource (344 p.) 300 $aDescription based upon print version of record. 311 $a0-309-09264-7 320 $aIncludes bibliographical references. 327 $aOpportunities and challenges -- Lessons learned -- Principles of scale-up -- Managing scale-up of antiretroviral therapy -- The path forward. 606 $aAIDS (Disease) 606 $aAIDS (Disease)$zDeveloping countries 606 $aAntiretroviral agents$zDeveloping countries 615 0$aAIDS (Disease) 615 0$aAIDS (Disease) 615 0$aAntiretroviral agents 676 $a362.196/9792/0091724 701 $aCurran$b James W$01542344 801 0$bMiAaPQ 801 1$bMiAaPQ 801 2$bMiAaPQ 906 $aBOOK 912 $a9910783137503321 996 $aScaling up treatment for the global AIDS pandemic$93794993 997 $aUNINA